Loading...
It started with a friend request
| Main Author: | |
|---|---|
| Format: | Printed Book |
| Published: |
India
Random House
2015
|
| Subjects: |
| LEADER | 00554nam a22001817a 4500 | ||
|---|---|---|---|
| 003 | OSt | ||
| 020 | |a 9788184004205 | ||
| 082 | |a 823.1 |b SUD/IT | ||
| 100 | |a Sudeep nagarkar | ||
| 245 | |a It started with a friend request | ||
| 260 | |a India |b Random House |c 2015 | ||
| 300 | |a 212p. | ||
| 534 | |n 2013 | ||
| 546 | |a English | ||
| 650 | |a Fiction | ||
| 942 | |2 ddc |c BK | ||
| 999 | |c 154821 |d 154821 | ||
| 952 | |0 0 |1 0 |2 ddc |4 0 |6 823_100000000000000_SUDIT |7 0 |8 Gen |9 153898 |a KAUCLV |b KAUCLV |c GENERAL |d 2017-02-25 |g 175.00 |l 19 |o 823.1 SUD/IT |p 225826 |r 2020-07-21 |s 2020-07-21 |w 2017-02-25 |y BK | ||